El inglés Jurídico : (Record no. 98423)

MARC details
000 -LEADER
campo de control de longitud fija 01038nam a2200313 4500
001 - NÚMERO DE CONTROL
campo de control 20719
003 - IDENTIFICADOR DE NÚMERO DE CONTROL
campo de control BJBSDDR
005 - FECHA Y HORA DE LA ÚLTIMA TRANSACCIÓN
campo de control 20250422115420.0
007 - CAMPO FIJO DE DESCRIPCIÓN FÍSICA--INFORMACIÓN GENERAL
campo de control de longitud fija ta
008 - DATOS DE LONGITUD FIJA--INFORMACIÓN GENERAL
campo de control de longitud fija 060907s2002 sp spa
020 ## - NÚMERO INTERNACIONAL ESTÁNDAR DEL LIBRO
Número Internacional Estándar del Libro 8434432242
020 ## - NÚMERO INTERNACIONAL ESTÁNDAR DEL LIBRO
Número Internacional Estándar del Libro 9788434432246
040 ## - FUENTE DE CATALOGACIÓN
Lengua de catalogación spa
Centro/agencia transcriptor BJBSDDR
041 0# - CÓDIGO DE IDIOMA
Código de lengua del texto/banda sonora o título independiente spaeng
050 14 - SIGNATURA TOPOGRÁFICA DE LA BIBLIOTECA DEL CONGRESO
Número de clasificación R KKT 470
Número de ítem A348i 2002
100 1# - ENTRADA PRINCIPAL--NOMBRE DE PERSONA
Nombre de persona Alcaraz Varó, Enrique,
Fechas asociadas al nombre 1940-2008
9 (RLIN) 39814
245 13 - MENCIÓN DEL TÍTULO
Título El inglés Jurídico :
Resto del título textos y documentos /
Mención de responsabilidad, etc. Enrique alcaraz Varó
250 ## - MENCION DE EDICION
Mención de edición 5a. edición con las más recientes modificaciones procesales de carácter civil y penal
260 ## - PUBLICACIÓN, DISTRIBUCIÓN, ETC.
Lugar de publicación, distribución, etc. Barcelona :
Nombre del editor, distribuidor, etc. Editorial Ariel,
Fecha de publicación, distribución, etc. 2002
300 ## - DESCRIPCIÓN FÍSICA
Extensión xi, 291 páginas ;
Dimensiones 23 cm.
490 1# - MENCIÓN DE SERIE
Mención de serie Ariel derecho
504 ## - NOTA DE BIBLIOGRAFÍA, ETC.
Nota de bibliografía, etc. Incluye bibliografía e índice.
650 #4 - PUNTO DE ACCESO ADICIONAL DE MATERIA--TÉRMINO DE MATERIA
Término de materia o nombre geográfico como elemento de entrada Derecho
Subdivisión general Inglés técnico
9 (RLIN) 41665
Subdivisión de forma Libros de texto
650 #4 - PUNTO DE ACCESO ADICIONAL DE MATERIA--TÉRMINO DE MATERIA
Término de materia o nombre geográfico como elemento de entrada Derecho
Subdivisión de forma Terminología
9 (RLIN) 9905
Subdivisión geográfica España
650 #4 - PUNTO DE ACCESO ADICIONAL DE MATERIA--TÉRMINO DE MATERIA
Término de materia o nombre geográfico como elemento de entrada Inglés jurídico
9 (RLIN) 41666
650 #4 - PUNTO DE ACCESO ADICIONAL DE MATERIA--TÉRMINO DE MATERIA
Término de materia o nombre geográfico como elemento de entrada Inglés técnico
9 (RLIN) 4873
830 #0 - PUNTO DE ACCESO ADICIONAL DE SERIE-TÍTULO UNIFORME
Título uniforme Ariel (Derecho)
9 (RLIN) 31887
942 ## - ELEMENTOS DE ENTRADA SECUNDARIOS (KOHA)
Fuente del sistema de clasificación o colocación Clasificación de Library of Congress
Tipo de ítem Koha Libro
Holdings
Estatus retirado Estado de pérdida Fuente del sistema de clasificación o colocación Estado de daño No para préstamo Colección Biblioteca de origen Biblioteca actual Ubicación en estantería Fecha de adquisición Signatura topográfica completa Código de barras Visto por última vez Copia número Tipo de ítem Koha
    Clasificación de Library of Congress     Referencia Biblioteca Juan Bosch Biblioteca Juan Bosch Ciencias Sociales (3er. Piso) 21/01/2019 R KKT 470 A348i 2002 00000020051 21/01/2019 1 Libro